Scottish Monarchs (843-1707) - Statistics

General Stats
  • This quiz has been taken 35 times
  • The average score is 28 of 52
Answer Stats
Hint Answer % Correct
1406-1437 Stuart James I
86%
1437-1460 Stuart James II
86%
1460-1488 Stuart James III
86%
1488-1513 Stuart James IV
82%
1513-1542 Stuart James V
82%
1567-1625 Stuart James VI
82%
1702-1707 Stuart Anne
79%
1542-1567 Stuart Mary I
79%
1688-1694 Stuart Mary II
79%
1625-1649 Stuart Charles I
75%
1660-1685 Stuart Charles II
75%
1685-1688 Stuart James VII
71%
1040-1057 Moray Macbeth
71%
1306-1329 Bruce Robert I
71%
1371-1390 Stuart Robert II
71%
1165-1214 Dunkeld William I
68%
1688-1702 Stuart William II
68%
1390-1406 Stuart Robert III
64%
1107-1124 Dunkeld Alexander I
61%
1214-1249 Dunkeld Alexander II
61%
1249-1286 Dunkeld Alexander III
61%
1034-1040 Dunkeld Duncan I
61%
843-858 Alpin Kenneth I
61%
943-954 Alpin Malcolm I
61%
1653-1658 Protectorate Oliver Cromwell
61%
1094 Dunkeld Duncan II
57%
1005-1034 Alpin Malcolm II
57%
1058-1093 Dunkeld Malcolm III
57%
1329-1371 Bruce David II
54%
971-995 Alpin Kenneth II
54%
997-1005 Alpin Kenneth III
54%
1153-1165 Dunkeld Malcolm IV
54%
1124-1153 Dunkeld David I
50%
862-877 Alpin Constantine I
46%
900-943 Alpin Constantine II
46%
995-997 Alpin Constantine III
46%
858-862 Alpin Donald I
46%
1292-1296 Balliol John Balliol
46%
1286-1290 Sverre Margaret
46%
889-900 Alpin Donald II
43%
1093-1097 Dunkeld Donald III
43%
1658-1659 Protectorate Richard Cromwell
39%
1332-1356 Balliol Edward Balliol
29%
877-878 Alpin Aed
25%
962-967 Alpin Dub
25%
878-889 Alpin Giric
25%
1097-1107 Dunkeld Edgar
21%
1057-1058 Moray Lulach
21%
878-889 Alpin Eochaid
18%
967-971 Alpin Cuilen
14%
954-962 Alpin Indulf
14%
973-977 Alpin Amlaib
11%
No matching quizzes found
Score Distribution
Percent of People with Each Score
Percentile by Number Answered
Your Score History
You have not taken this quiz